00607 2200253 4500001002100000005001500021035002000036007000300056008004100059020001500100082000800115084001400123100001800137245005000155250001100205260003400216300003400250650002400284990000900308990000900317990000900326990000900335990000900344INLIS00000000000993320220114104131 a0010-0122000134ta220114 g 0 ind  a9793235233 a668 a668 PER m0 aPermono, Ajar1 aMembuat Cairan Pembersih Kaca /cAjar Permono aCet. 3 aJakarta :bPuspa Swara,c2005 avi + 42hlm :bilus ;c20,5 CM 4aMembuat Cairan Kaca a595A a595B a595C a952A a952B